000 00201 a2200109 4500
020 _a978-1-4165-3707-6
041 _aeng
100 _ajance, j.a
245 _aweb of evil
942 _cBK
952 _71
999 _c17977
_d17977